000 00705nam a2200241 a 4500
001 BRCA_7707
005 20190320205944.0
008 230813s1952----enka######---#000-0#eng-#
041 _aeng
044 _aenk
050 4 _aNK4370
_b.P67 1952
245 1 0 _aPorcelain figures
_cVictoria and Albert Museum.
260 _aLondres
_bH. M. Stationery Office
_c1952
300 _a2 p.
_bil., 28 láminas
_c18 cm.
440 0 _aIts small picture book
_v3
_919052
500 _aU44
650 1 4 _aPorcelana
_91509
650 1 4 _aFiguras antiguas
_vPorcelana
_919053
650 1 4 _aGalerías y museos
_zInglaterra
_919054
710 2 _aVictoria and Albert Museum (Londres)
_919055
902 _aGFM
942 _2lcc
_cB
999 _c7381
_d7381